| 000 -LEADER |
| fixed length control field |
00764cam a2200229 4500 |
| 001 - CONTROL NUMBER |
| control field |
10759487 |
| 003 - CONTROL NUMBER IDENTIFIER |
| control field |
OSt |
| 005 - DATE AND TIME OF LATEST TRANSACTION |
| control field |
20190725142959.0 |
| 008 - FIXED-LENGTH DATA ELEMENTS--GENERAL INFORMATION |
| fixed length control field |
941028s1981 nyu 000 1 eng |
| 020 ## - INTERNATIONAL STANDARD BOOK NUMBER |
| International Standard Book Number |
9780553211023 |
| 040 ## - CATALOGING SOURCE |
| Original cataloging agency |
DLC |
| Transcribing agency |
DLC |
| Modifying agency |
DPL |
| -- |
CYL |
| 082 ## - DEWEY DECIMAL CLASSIFICATION NUMBER |
| Classification number |
FIC DIC |
| 100 10 - MAIN ENTRY--PERSONAL NAME |
| Personal name |
Dickens, Charles, |
| Dates associated with a name |
1812-1870. |
| Relator term |
author |
| 245 10 - TITLE STATEMENT |
| Title |
Oliver Twist / |
| Statement of responsibility, etc. |
by Charles Dickens; with an introduction by Irving Howe. |
| 250 ## - EDITION STATEMENT |
| Edition statement |
Bantam classic ed. |
| 260 ## - PUBLICATION, DISTRIBUTION, ETC. |
| Place of publication, distribution, etc. |
New York : |
| Name of publisher, distributor, etc. |
Bantam Books, |
| Date of publication, distribution, etc. |
1990, 1981. |
| 300 ## - PHYSICAL DESCRIPTION |
| Extent |
xxiv, 424 p.; |
| Dimensions |
18 cm. |
| 500 ## - GENERAL NOTE |
| General note |
"First published in Bentley's Miscellany from February 1837 to March 1939, with illustrations by George Cruikshank." |
| 500 ## - GENERAL NOTE |
| General note |
"A Bantam Classic." |
| 504 ## - BIBLIOGRAPHY, ETC. NOTE |
| Bibliography, etc. note |
Bibliography: p. 421-424. |
| 942 ## - ADDED ENTRY ELEMENTS (KOHA) |
| Source of classification or shelving scheme |
|
| Koha item type |
Books - Fiction |